书目信息 |
| 题名: |
微机应用基础
|
|
| 作者: | 吕晓燕 主编 | |
| 分册: | ||
| 出版信息: | 北京 中国林业出版社 2006.09 |
|
| 页数: | 361页 | |
| 开本: | 26cm | |
| 丛书名: | 21世纪全国应用型本科计算机系列实用规划教材 | |
| 单 册: | ||
| 中图分类: | TP39 | |
| 科图分类: | ||
| 主题词: | 微型计算机--wei xing ji suan ji--计算机应用--高等学校--教材 | |
| 电子资源: | ||
| ISBN: | 7-5038-4423-X | |
| 000 | 01046nam 2200241 450 | |
| 001 | 012007799245 | |
| 005 | 20070926154821.42 | |
| 010 | @a7-5038-4423-X@dCNY33.00 | |
| 100 | @a20070724d2006 km y0chiy0120 ea | |
| 101 | 0 | @achi |
| 102 | @aCN@b110000 | |
| 105 | @aa z 000yy | |
| 200 | 1 | @a微机应用基础@Awei ji ying yong ji chu@f吕晓燕主编@Flu xiao yan zhu bian |
| 210 | @a北京@c中国林业出版社@d2006.09 | |
| 215 | @a361页@c图@d26cm | |
| 225 | 2 | @a21世纪全国应用型本科计算机系列实用规划教材@A21 shi ji quan guo ying yong xing ben ke ji suan ji xi lie shi yong gui hua jiao cai |
| 330 | @a本书以掌握计算机基础知识和基本应用技能为主线,同时参考了新版全国计算机等级考试一级大纲,并配以相应的插图描述操作方法。内容包括基础知识、Windows2000操作系统、电子表格、网络、网页制作及各种操作软件的应用。 | |
| 410 | 0 | @12001 @a21世纪全国应用型本科计算机系列实用规划教材 |
| 606 | 0 | @a微型计算机@Awei xing ji suan ji@x计算机应用@x高等学校@j教材 |
| 690 | @aTP39@v4 | |
| 701 | 0 | @a吕晓燕@Alu xiao yan@4主编 |
| 801 | 0 | @aCN@c20070926 |
| 905 | @dTP39@eL901 | |
| 微机应用基础/吕晓燕主编.-北京:中国林业出版社,2006.09 |
| 361页:图;26cm.-(21世纪全国应用型本科计算机系列实用规划教材) |
| ISBN 7-5038-4423-X:CNY33.00 |
| 本书以掌握计算机基础知识和基本应用技能为主线,同时参考了新版全国计算机等级考试一级大纲,并配以相应的插图描述操作方法。内容包括基础知识、Windows2000操作系统、电子表格、网络、网页制作及各种操作软件的应用。 |
| ● |
| 相关链接 |
|
|
|
正题名:微机应用基础
索取号:TP39/L901
 
预约/预借
| 序号 | 登录号 | 条形码 | 馆藏地/架位号 | 状态 | 备注 |
| 1 | 246975 | 202469756 | 自科库301/301自科库 94排2列5层/ [索取号:TP39/L901] | 在馆 |